000 00979nam a2200277 i 4500
003 EG-GICUC
005 20260121101213.0
008 251111s1993 EG ||||fr|||| 000 0 ara d
040 _a EG-GICUC
_bara
_c EG-GICUC
_d EG-GICUC
_erda
082 0 4 _221
_a341.306
_bب ط . س
092 0 4 _221
099 _alaw1 11 341.306 1993 ب ط . س
100 0 _a بطرس ، غالى بطرس
_eAuthor.
245 _aالسياسة والتنمية في افريقيا /
_cبطرس بطرس غالى
264 _aالقاهرة :
_bمعهد التخطيط القومي ،
_c1993.
300 _a262 صفحة :
_c24 سم
336 _2rda content
_atext
337 _2rda media
_aComputer
338 _2rda carrier
_aOnline Resource
546 _aالنص باللغة العربية
650 1 4 _a القانون الدولي العام
_2qrmak
651 1 _2qrmak
856 4 0 _uhttps://fll.law.cu.edu.eg/fulltext/bks/B11-04463.pdf
905 _a39
942 _2ddc
_cBK
_e21
_n0
999 _c42766
_d42766